Bhogul jagatik prakriya va prarupe (FYBA) (Record no. 819868)

MARC details
000 -LEADER
fixed length control field 00635nam a2200217Ia 4500
008 - FIXED-LENGTH DATA ELEMENTS--GENERAL INFORMATION
fixed length control field 101110s9999 xx 000 0 und d
041 ## - LANGUAGE CODE
Language code of text/sound track or separate title MARATHI
082 ## - DEWEY DECIMAL CLASSIFICATION NUMBER
Item number SR27312
100 ## - MAIN ENTRY--PERSONAL NAME
Personal name Pedanekar Hemant M., Shinde Prakasha G., Mahajan U.A. , Chavan Vilasrao etc.
245 ## - TITLE STATEMENT
Title Bhogul jagatik prakriya va prarupe (FYBA)
260 ## - PUBLICATION, DISTRIBUTION, ETC. (IMPRINT)
Date of publication, distribution, etc 2004
Name of publisher, distributor, etc Sheth Publication, Mumbai
300 ## - PHYSICAL DESCRIPTION
Extent 178
365 ## - TRADE PRICE
Price amount 75
520 ## - SUMMARY, ETC.
Summary, etc Geography
546 ## - LANGUAGE NOTE
Language note MARATHI
630 ## - SUBJECT ADDED ENTRY--UNIFORM TITLE
Uniform title Bhogul jagatik prakriya va prarupe (FYBA)
650 ## - SUBJECT ADDED ENTRY--TOPICAL TERM
Topical term or geographic name as entry element Geography
655 ## - INDEX TERM--GENRE/FORM
Genre/form data or focus term Geography
730 ## - ADDED ENTRY--UNIFORM TITLE
Uniform title Bhogul jagatik prakriya va prarupe (FYBA)
942 ## - ADDED ENTRY ELEMENTS (KOHA)
Koha item type Book
Holdings
Withdrawn status Lost status Damaged status Not for loan Home library Current library Date acquired Source of acquisition Cost, normal purchase price Shelving control number Total Checkouts Barcode Date last seen Price effective from Koha item type
        D. B. J. College, Chiplun D. B. J. College, Chiplun   The bookland books and stationary, Chiplun, bill78 75.00     DBJSR27312 11/11/2010 11/11/2010 Book